Paises con nombre de persona - Estadísticas

Estadísticas generales
  • Esta prueba ha sido intentada 62 veces
  • La puntuación promedio es 5 de 8
Respuestas en el mapa
Las respuestas están codificadas por una escala verde-roja en el mapa de la prueba según el % correcto abajo.
 
Estadísticas de respuestas
Respuesta % Correcto
Santa Lucía
91%
San Vicente y Las Granadinas
87%
San Cristobal y Nieves
84%
Santo Tomé y Príncipe
78%
San Marino
55%
Mauricio
47%
Trinidad y Tobago
45%
Islas Marshall
25%
No se encontraron pruebas coincidentes
Distribución de puntuación
Porcentaje de gente con cada puntuación
Porcentaje por número respondido
Historial de tus puntuaciones
No has intentado esta prueba.